000 01446ctm a22002295a 4500
001 L140525
008 070926s1768 ie e 0 h eng u
035 _a(Sirsi) u140525
041 0 _aeng
100 1 _aScale, Bernard
245 0 2 _aA survey of the Lordship of St John, in the Barony of Narragh and Reban, County Kildare, the estate of His Grace James, Duke of Leinster
_h[cartographic material]
255 _aScales differ
260 _c1768
300 _a1 v.
_bcol.
_c53 x 74 cm. +
_e1 sheet (25 cm.)
500 _aVolume bound in 'full brown Morocco, with wide gilt tooled dentelles borders all round front and back covers, fully gilt tooled spine with raised bands, and elaborate title within a gilt tooled border in centre of front cover' (from bookseller's catalogue)
500 _aVolume contains nine hand-drawn and coloured maps, each with a 'reference' on the opposite page. The 'general survey' is accompanied by an index.
500 _aVolume is accompanied by a letter dated 22 October 1965 from the bookseller, Stanley Crowe, including a copy of the exerpt from his catalogue relating to the item.
505 _aGeneral survey -- Town and parts of Athy -- Town of Athy -- Ballnabought -- Tonelegee -- Bennett's Bridge -- Round Hills -- Rath Steward -- Intermixed lands.
651 4 _aIreland (Republic of)
_y
690 _aENVIRONMENTAL AND LAND CONSULTANCY-GEOMATICS-MAPPING AND POSITIONING-CARTOGRAPHY
942 _n0
999 _c116897
_d116897